000 00676nam a2200181 a 4500
008 120416nuuuuuuuuxx |||||||||||||| || u
050 _aHD 598 Bal
100 _aBalchin, Paul N
245 1 0 _aUrban land economics and public policy
250 _a4th ed.
260 _cLondon
350 _a0.00
650 _aLAND
650 _aLAND ECONOMICS
650 _aLAND POLICY
995 _aBINDERY (DAMAGED)
_D0.00
_e724895
_FCBU-MAIN LIBRARY (Kitwe)
_H2
_I14.99
_jHD 598 Bal
_M2
_UDAMAGED
_y020438
_ZMain Library Open Access Collection
995 _aBINDERY (DAMAGED)
_D0.00
_e724896
_FCBU-MAIN LIBRARY (Kitwe)
_H1
_I14.99
_jHD 598 Bal
_M1
_UDAMAGED
_y018026
_ZMain Library Open Access Collection
999 _c78565
_d78565